000 00330 a2200109 4500
020 _a9788183619639
100 _aPeriyar E. V. Ramasamy
245 _aJati vyavastha aur pitrisatta(जाती-व्यवस्था और पितृसत्ता)
250 _a2nd
260 _bRadhakrishna prakashan
_c2022
942 _cOO
999 _c116309
_d116308